| 000 | 00438nam a22001577a 4500 | ||
|---|---|---|---|
| 999 |
_c12100 _d12100 |
||
| 008 | 210120b ||||| |||| 00| 0 eng d | ||
| 082 | 0 | 0 |
_a623.81 _bH7161 |
| 100 |
_9129 _aHogg, Robert S. |
||
| 245 | 1 | 0 |
_aNaval architecture and ship construction _cBy Robert S. Hogg |
| 250 | _a 3rd ed. | ||
| 260 |
_aLondon _bInstitute of Marine Engineers _c1965 |
||
| 300 | _a250 p. | ||
| 365 | _d18.00 | ||
| 650 | 0 | _aNaval Architecture | |
| 942 | _cBK | ||